| 000 | 03830cam a22005774i 4500 | ||
|---|---|---|---|
| 003 | PE-LiUPU | ||
| 005 | 20250731180142.0 | ||
| 008 | 150706s r 000 0 d | ||
| 020 | _a9789701065105 | ||
| 035 | _a(Sirsi) i9789701065105 | ||
| 040 |
_aPE-LiUPU _bspa _cPE-LiUPU _erda |
||
| 049 | _aPRUA | ||
| 082 | 0 | 4 |
_a510.02462 _bZ76 _221 |
| 100 | 1 |
_aZill, Dennis G., _eautor. |
|
| 245 | 1 | 0 |
_aMatemáticas avanzadas para ingeniería : _bcálculo vectorial, análisis de Fourier y análisis complejo. _n2 / _cDennis G. Zillo y Michael R. Cullen . |
| 250 | _a3a ed. | ||
| 264 | 1 |
_aMéxico : _bMcGraw-Hill, _c2008. |
|
| 300 |
_a549 páginas : _bilustraciones ; _c27centímetros |
||
| 336 |
_atext _2rdacontent |
||
| 337 |
_aunmediated _2rdamedia |
||
| 338 |
_avolume _2rdacarrier |
||
| 505 | 0 | _aVectores, matrices y cálculo vectorial -- Vectores -- Vectores en el espacio -- Producto escalar -- Matrices -- Álgebra matricial -- Sistemas de ecuaciones algebraicas lineales -- Rango de una matriz -- Determinantes -- Propiedades de los determinantes -- Cálculo vectorial -- Funciones vectoriales -- Movimiento sobre una curva -- Curvatura y componentes de la aceleración -- Derivadas parciales -- Series de Fourier y ecuaciones diferenciales parciales -- Funciones ortogonales y series de Fourier -- Problemas de valores en la frontera en coordenadas rectangulares -- Ecuaciones diferenciales parciales separables -- Ecuaciones clásicas y problemas de valores en la frontera -- La ecuación de calor -- La ecuación de onda -- La ecuación de Laplace -- Problemas de valores en la frontera en otros sistemas coordenados -- Método de la transformada integral -- Soluciones numéricas de ecuaciones diferenciales parciales -- La ecuación de Laplace -- La ecuación de calor -- La ecuación de onda -- Análisis complejo -- Funciones de una variable compleja -- Números complejos -- Potencias y raíces -- Conjuntos en el plano complejo -- Funciones de una variable compleja -- Integración en el plano complejo -- Integrales de contorno -- Teorema de Cauchy-Goursat -- Independencia de la trayectoria -- Series y residuos -- Sucesiones y series -- serie de Taylor -- Series de Laurent -- Ceros y polos -- Transformaciones conformes -- Funciones complejas como transformaciones -- Transformaciones conformes -- Funciones complejas como transformaciones -- Transformaciones conformes -- Transformaciones racionales lineales . | |
| 526 | _aSEG44 | ||
| 526 | _aSEG26 | ||
| 526 | _aP159 | ||
| 526 | _aP155 | ||
| 526 | _aP154 | ||
| 526 | _aP153 | ||
| 526 | _aP150 | ||
| 526 | _aP100 | ||
| 526 | _aP31 | ||
| 526 | _aP30 | ||
| 526 | _aP26 | ||
| 526 | _aP25 | ||
| 526 | _aP24 | ||
| 526 | _aP22 | ||
| 526 | _aP15 | ||
| 526 | _aP10 | ||
| 541 | _g015-0011404; | ||
| 541 | _g015-0012821; | ||
| 650 | 0 | 4 | _aMatemáticas para ingenieros. |
| 700 | 1 |
_aCullen, Michael R., _eautor. |
|
| 910 |
_agl _bjv _clch _d20100413 |
||
| 942 |
_2ddc _cBOOK |
||
| 949 |
_a510.02462 Z76 _wDEWEY _c1 _i61311 _lCCODEBUL1 _mBUL _p31.00 _r0 _sY _tBOOK _u2015-7-6 _xINGENIERIA _zUNKNOWN _0COMPRA _o.STAFF. Colección General |
||
| 949 |
_a510.02462 Z76 _wDEWEY _c2 _i63066 _lCCODEBUL1 _mBUL _p33.00 _r0 _sY _tBOOK _u2015-7-6 _xINGENIERIA _zUNKNOWN _0COMPRA _o.STAFF. Colección General |
||
| 994 |
_aC0 _bPEPRU |
||
| 596 | _a1 | ||
| 999 |
_a510.02462 Z76 _wDEWEY _c50573 _i61311 _d50573 _e2019-11-21 _f2021-11-9 _g7 _lCCODEBUL1 _mBUL _n1 _p31.00 _r0 _sN _tBOOK _u2015-7-6 _xINGENIERIA _zUNKNOWN _0COMPRA _o.STAFF. Colección General |
||
| 999 |
_a510.02462 Z76 _wDEWEY _c2 _i63066 _d2018-6-28 _f2021-11-9 _g7 _lCCODEBUL1 _mBUL _p33.00 _q1 _r0 _sN _tBOOK _u2015-7-6 _xINGENIERIA _zUNKNOWN _0COMPRA _o.STAFF. Colección General |
||
| 980 |
_81 _gALBERTO SANCHEZ Responsable de Automatización |
||